give me a break! - Michael Clifford Feat. Waterparks - All Lyrics - Statistics

General Stats
  • This quiz has been taken 18 times
  • The average score is 331 of 408
Answer Stats
Answer % Correct
I
100%
a
90%
am,
90%
break?
90%
break
90%
do
90%
don't
90%
Don't
90%
face
90%
give
90%
Give
90%
in
90%
it
90%
just
90%
Just
90%
Like
90%
like,
90%
like
90%
look
90%
me
90%
my
90%
name
90%
no
90%
now
90%
Oh,
90%
out
90%
out)
90%
remember
90%
shame
90%
that
90%
to
90%
what
90%
who
90%
Won't
90%
won't
90%
you
90%
You
90%
and
80%
at
80%
Awsten,
80%
be
80%
(Be
80%
bones
80%
But
80%
but
80%
can
80%
'Cause
80%
craziest
80%
feel
80%
for
80%
freakin'
80%
friend
80%
fuckin'
80%
hate
80%
He
80%
I'm
80%
into
80%
it's
80%
love
80%
makin'
80%
Michael,
80%
of
80%
off
80%
same
80%
say
80%
says
80%
scene
80%
screaming
80%
see
80%
So
80%
sorry,
80%
sorry
80%
Stop
80%
the
80%
They
80%
thing
80%
things
80%
think
80%
this
80%
your
80%
you're
80%
always
70%
baby
70%
burn
70%
(Burn
70%
daydream,
70%
end
70%
eyes
70%
Hey,
70%
how
70%
mind
70%
mirror
70%
much
70%
nightmare
70%
phone
70%
screen,
70%
sick
70%
want
70%
was
70%
are
60%
article
60%
band
60%
believe
60%
big
60%
(Big
60%
can't
60%
Can't
60%
checked,
60%
deal
60%
deal)
60%
dream,
60%
even
60%
every
60%
find
60%
have
60%
keep
60%
Last
60%
lie
60%
listen,
60%
livin'
60%
make
60%
Maybe
60%
mean,
60%
meltdown
60%
(Meltdown)
60%
One
60%
real
60%
real)
60%
re-trace
60%
sell
60%
sell-out
60%
(Sell-out)
60%
sleep
60%
started
60%
such
60%
time
60%
up
60%
victim?
60%
wait,
60%
what's
60%
alive
50%
because
50%
caught
50%
cry,
50%
damn,
50%
defend?
50%
erased
50%
lookin'
50%
must
50%
offense,
50%
over
50%
said,
50%
speak
50%
them
50%
there
50%
third
50%
(Third
50%
try,
50%
tryna
50%
wheel
50%
wheel)
50%
without
50%
comment
40%
memories
40%
made
30%
him
10%
No matching quizzes found
Score Distribution
Percent of People with Each Score
Percentile by Number Answered
Your Score History
You have not taken this quiz